000 00499cam a22001812 4500
001 0000008355
005 20151217160116.0
008 080315s xx 000 0 eng d
020 _a052163945x :
_cKES 700
040 _aKABU
_cKABU
100 1 _aGrindley, Sally.
_@0000158916
245 1 4 _aThe Best present ever /
_cSally Grindley.
260 _aCambridge :
_bC. U. P.,
_c1998.
300 _a32 p.
908 _a080315
950 _@1
999 _c14379
_d14379